An Introduction Spanish Literature (Record no. 1237123)

MARC details
000 -LEADER
fixed length control field 00525nam a2200193Ia 4500
008 - FIXED-LENGTH DATA ELEMENTS--GENERAL INFORMATION
fixed length control field 151121s9999||||xx |||||||||||||| ||und||
082 ## - DEWEY DECIMAL CLASSIFICATION NUMBER
Classification number 407/NOR
082 ## - DEWEY DECIMAL CLASSIFICATION NUMBER
Item number HNW-53527
100 ## - MAIN ENTRY--PERSONAL NAME
Personal name Northup G। T।
245 #3 - TITLE STATEMENT
Title An Introduction Spanish Literature
260 ## - PUBLICATION, DISTRIBUTION, ETC. (IMPRINT)
Name of publisher, distributor, etc The University of Chicago Press
260 ## - PUBLICATION, DISTRIBUTION, ETC. (IMPRINT)
Date of publication, distribution, etc --
300 ## - PHYSICAL DESCRIPTION
Extent 532
600 ## - SUBJECT ADDED ENTRY--PERSONAL NAME
Personal name Northup G। T।
630 ## - SUBJECT ADDED ENTRY--UNIFORM TITLE
Uniform title An Introduction Spanish Literature
700 ## - ADDED ENTRY--PERSONAL NAME
Personal name Northup G। T।
730 ## - ADDED ENTRY--UNIFORM TITLE
Uniform title An Introduction Spanish Literature
942 ## - ADDED ENTRY ELEMENTS (KOHA)
Koha item type Book
Holdings
Withdrawn status Lost status Damaged status Not for loan Home library Current library Date acquired Total Checkouts Full call number Barcode Date last seen Price effective from Koha item type
        Hirachand Nemchand Wachanalaya, Solapur Hirachand Nemchand Wachanalaya, Solapur 11/21/2015   HNW-53527 HNW-53527 11/21/2015 11/21/2015 Book